Registre de necessitats : llista per ens locals amb avaluacions dels serveis gestors : inversió / contingut i producció: Carles Rivera Molins ; producció tècnica del sistema d'informació: Rosa Moreno Mateos llista per ens locals amb avaluacions dels serveis gestors :
MARC
| LEADER | 00000nam a2200000Ia 4500 | ||
|---|---|---|---|
| 001 | 22730 | ||
| 008 | 160829s2000 xx 000 0 cat d | ||
| 080 | |a M-6-362 | ||
| 245 | |a Registre de necessitats : |b llista per ens locals amb avaluacions dels serveis gestors : |b inversió / contingut i producció: |b Carles Rivera Molins ; producció tècnica del sistema d'informació: |b Rosa Moreno Mateos | ||
| 260 | |a Barcelona : |b Diputació de Barcelona. Àrea de Cooperació. Oficina de la Xarxa Barcelona Municipis de Qualitat, |c 2000 | ||
| 300 | |a 205 p. : |b taules ; |c 29 cm | ||
| 650 | |a Oficina de la Xarxa Barcelona Municipis de Qualitat | ||
| 650 | 0 | |a Administració local |9 34286 | |
| 700 | |a Rivera Molins, Carles I |9 45440 | ||
| 700 | |a Moreno Mateos, Rosa |9 45441 | ||
| 710 | 2 | |a Xarxa Barcelona Municipis de Qualitat |9 41491 | |
| 710 | 1 | |a Barcelona (Catalunya : Província). |b Àrea de Cooperació |9 54368 | |
| 901 | |a Arxiu | ||
| 942 | |n 1 | ||
| 952 | |0 0 |1 0 |4 0 |6 M6362 |7 1 |9 52602 |a Arxiu |b Arxiu |d 2016-12-01 |l 0 |o M-6-362 |p 22730 |r 2016-12-01 00:00:00 |w 2016-12-01 |y ARXIU | ||
| 999 | |c 56451 |d 56451 | ||